UBT Library

Lifespan development : (Record no. 47052)

000 -LEADER
fixed length control field 00828cam a2200265 a 4500
001 - CONTROL NUMBER
control field 4455097
005 - DATE AND TIME OF LATEST TRANSACTION
control field 20180813075100.0
008 - FIXED-LENGTH DATA ELEMENTS--GENERAL INFORMATION
fixed length control field 950327s1996 wiua b 001 0 eng d
010 ## - LIBRARY OF CONGRESS CONTROL NUMBER
LC control number 95076283
020 ## - INTERNATIONAL STANDARD BOOK NUMBER
International Standard Book Number 0697129810
035 ## - SYSTEM CONTROL NUMBER
System control number (OCoLC)34100978
035 ## - SYSTEM CONTROL NUMBER
System control number NNRB (FG0138(00)) RC
040 ## - CATALOGING SOURCE
Original cataloging agency NjPRFB
Transcribing agency NjPRFB
Modifying agency DLC
041 ## - LANGUAGE CODE
Language code of text/sound track or separate title eng
042 ## - AUTHENTICATION CODE
Authentication code lccopycat
080 ## - UNIVERSAL DECIMAL CLASSIFICATION NUMBER
Universal Decimal Classification number 155
082 00 - DEWEY DECIMAL CLASSIFICATION NUMBER
Classification number 155
Edition number 21
100 1# - Rafti
Rafti 48
101 ## - Shkurtesa
Shkurtesa psi
245 10 - TITLE STATEMENT
Title Lifespan development :
Statement of responsibility, etc Janina M. Jolley, Mark L. Mitchell.
504 ## - BIBLIOGRAPHY, ETC. NOTE
Bibliography, etc Includes bibliographical references (p. 471-508) and indexes.
906 ## - LOCAL DATA ELEMENT F, LDF (RLIN)
a 7
b cbc
c copycat
d 3
e opcn
f 19
g y-gencatlg
942 ## - ADDED ENTRY ELEMENTS (KOHA)
Source of classification or shelving scheme
Item type Books
Holdings
Withdrawn status Lost status Source of classification or shelving scheme Damaged status Not for loan Collection code Permanent location Current location Shelving location Date acquired Total Checkouts Full call number Barcode Date last seen Price effective from Koha item type
          Koleksioni i përgjithshem UBT - Lipjan UBT - Lipjan Koleksioni i përgjithshem 08/13/2018   155 jol 002-3010880 08/13/2018 08/13/2018 Books
UBT Library © 2015-2024. All rights reserved University Education for Business and Technology